| 000 | 00411 a2200169 4500 | ||
|---|---|---|---|
| 020 | _a0071163409 | ||
| 022 | _a780071163408 | ||
| 082 | _a658.049 | ||
| 090 |
_c3157 _d3157 |
||
| 100 | _aHill,Charles W.L. | ||
| 245 |
_aInternational Business _cCharles W.L.Hill |
||
| 250 | _a3rd | ||
| 260 |
_aNew York _bIrwin McGraw-Hill _c2001 |
||
| 300 | _a692p | ||
| 500 | _aPaper cover | ||
| 942 |
_aNBS _cBK _k658.049 HIL |
||
| 999 |
_c345646 _d345646 |
||